000
00361nam a2200169Ia 4500
100
_a
C.Nirad Chaudhuri
650
_a
General
942
_c
BK
366
_f
20
654
_a
unknown indian
245
_a
Autobiography of an unknown Indian
260
_b
Jaico
_a
Mumbai
_c
2008
082
_a
920/CHA
_b
CHA
300
_a
570
546
_a
ENGLISH
999
_c
32542
_d
32542